[Event "Biel ATO op 52nd"]
[Site "Biel"]
[Date "2019.07.24"]
[Round "3"]
[White "Brait, Wolfgang"]
[Black "Ehle, Eric"]
[Result "1-0"]
[WhiteElo "1923"]
[BlackElo "1800"]
[PlyCount "22"]
[EventDate "2019.07.20"]
[EventType "swiss"]
[EventRounds "9"]
[EventCountry "SUI"]
[SourceTitle "EXT 2020"]
[Source "ChessBase"]
[SourceDate "2019.10.17"]
[SourceVersion "1"]
[SourceVersionDate "2019.10.17"]
[SourceQuality "1"]

1. e4 b6 2. d4 e6 3. c4 Bb7 4. Nc3 Bb4 5. Bd3 Nf6 6. f3 0-0 7. Nge2 d5 8. 0-0 dxc4 9. Bxc4 Nbd7 10. e5 Nd5 11. Kh1 Kh8 1-0